000 01649cam a2200133 4500500
005 20251214004406.0
041 _afre
042 _adc
100 1 0 _aTernon, Yves
_eauthor
245 0 0 _aGénocide : Anatomie d'un crime
260 _bArmand Colin,
_c2016.
520 _aGénocide. Ce néologisme, créé par Rafael Lemkin en 1943 pour signifier la destruction des Juifs d’Europe, assassinés pour ce qu’ils étaient, n’appartient hélas pas au passé. Avant la Shoah, le monde avait été témoin du génocide des Arméniens en 1915 ; plus près de nous, en 1994, les Tutsi furent également les victimes de ces destructions de masse. Yves Ternon s’est consacré depuis les années 1960 à l’étude de la médecine allemande sous le national-socialisme. Il est depuis devenu un historien de premier plan sur la question du crime de génocide. Cet ouvrage, qui constitue la synthèse de ses recherches sur la question, est consacré dans un premier temps à « décortiquer » les sources idéologiques, juridiques et historiques ; dans un second temps, aux paramètres ayant conduit à leur application visant à la destruction du peuple arménien de l’Empire ottoman, des Juifs d’Europe et des Tutsi du Rwanda. La préface de l’historienne Annette Becker revient sur le parcours d’Yves Ternon, parcours ayant abouti à cette réflexion autour de la genèse du racisme biologique et du crime de génocide. Une réflexion nécessaire à l’heure où le monde est de nouveau plongé dans d’autres formes de violences.
856 4 1 _uhttps://shs.cairn.info/genocide--9782200614423?lang=fr&redirect-ssocas=7080
999 _c1568506
_d1568506